| 000 | 00834nam a22002297a 4500 | ||
|---|---|---|---|
| 003 | OSt | ||
| 005 | 20140310181919.0 | ||
| 008 | 130718t xxu||||| |||| 00| 0 eng d | ||
| 020 | _a9780521773997 | ||
| 050 |
_aPE 1128 _b.R4588 2000 |
||
| 082 |
_aTR 428.24 _bR39 2000 |
||
| 100 |
_aRichards, Jack C. _91426 |
||
| 245 |
_aNew interchange (intro student's book) : _bEnglish for international communication / _cJack C. Richards, with Jonathan Hull and Susan Proctor. |
||
| 260 |
_aUK : _bPress Syndicate of the University of Cambridge, _cc2000. |
||
| 300 |
_a105 p. : _bill. col. ; _c28 cm. |
||
| 521 | _aFaculty | ||
| 541 | _j1 | ||
| 562 | _e1 | ||
| 650 |
_aEnglish language _xtextbooks for foreign speakers. _91454 |
||
| 650 |
_aCommunication, International _xproblems, exercises, etc. _91455 |
||
| 942 |
_2lcc _cBK-TR _kTR |
||
| 999 |
_c6918 _d6918 |
||